000
00401nam a22001697a 4500
003
MPLRDC
005
20220104123454.0
008
210129b ||||| |||| 00| 0 eng d
082
_a
424.2 HTJ
100
_a
户田净
245
_a
化妆小常识
_c
260
_a
_b
龙和出版有限公司
_c
1986
300
_b
平
490
_a
实用家庭丛书
650
_a
化妆
942
_c
BK
_o
424.2 HTJ
999
_c
11695
_d
11685